[Event "Ch Hungary (team) 1992/93"]
[Site "masterchessopen.com Hungary"]
[Round "0"]
[White "Gyimesi Zoltan (HUN)"]
[Black "Emodi Barnabas (HUN)"]
[Result "1-0"]
[WhiteElo "2395"]
[BlackElo "2359"]

1.d4 Nf6 2.c4 e6 3.Nc3 Bb4 4.e3 O-O 5.Ne2 d5 6.a3 Be7 7.cxd5 exd5 8.g3 c6
9.Bg2 Bf5 10.O-O Nbd7 11.f3 Nb6 12.g4 Bd7 13.Ng3 Bd6 14.Nce2 Ne8 15.Qd3 Nc7
16.Nf5 Bxf5 17.gxf5 Re8 18.b3 a5 19.a4 Na6 20.e4 f6 21.Bf4 c5 22.Rfd1 dxe4
23.fxe4 Bxf4 24.Nxf4 Qxd4+ 25.Qxd4 cxd4 26.Ne6 Nd7 27.Bf1 Rac8 28.Bc4 Kh8
29.Bb5 Re7 30.Rac1 Rxc1 31.Rxc1 h5 32.Bxd7 g6 33.fxg6 {#r} 1-0

[Event "It (open)"]
[Site "masterchessopen.com Kilkenny (Ireland)"]
[Round "0"]
[White "O'Connell Gerard (IRL)"]
[Black "Connolly Suzanne (IRL)"]
[Result "1-0"]
[WhiteElo "2140"]
[BlackElo "2012"]

1.d4 Nf6 2.c4 e6 3.Nc3 Bb4 4.e3 O-O 5.Ne2 Ne4 6.f3 Nxc3 7.Nxc3 c5 8.a3 Bxc3+
9.bxc3 b6 10.Bd3 Nc6 11.O-O f5 12.Bb2 Qf6 13.f4 Ne7 14.e4 d6 15.e5 dxe5
16.fxe5 Qf7 17.Qf3 Bd7 18.d5 Rad8 19.Rad1 Kh8 20.Bc1 a6 21.Rf2 exd5 22.cxd5
{#r} 1-0

[Event "It (open)"]
[Site "masterchessopen.com London (England)"]
[Round "1"]
[White "Parker Robert (ENG)"]
[Black "Cooksey Paul S (ENG)"]
[Result "1-0"]
[WhiteElo "2088"]
[BlackElo "2275"]

1.d4 Nf6 2.c4 e6 3.Nc3 Bb4 4.e3 O-O 5.Ne2 d5 6.a3 Bd6 7.cxd5 exd5 8.Qc2 c6
9.Ng3 Re8 10.Bd3 g6 11.O-O Ng4 12.h3 Bxg3 13.fxg3 Nxe3 14.Bxe3 Rxe3 15.Rxf7
Rxd3 16.Raf1 Rxc3 17.Qxc3 Qe8 18.Qf3 Nd7 19.Qf4 b6 20.h4 Ba6 21.Rf2 Nf8 22.Qf6
Qe1+ 23.Kh2 Ne6 24.Re7 Qxf2 25.Qxf2 Rf8 26.Qe3 Ng7 27.Rxa7 {#r} 1-0

[Event "Ch Nassau Chess Club"]
[Site "masterchessopen.com Long Island (USA)"]
[Round "0"]
[White "Goregliad Sergei (USA)"]
[Black "Chipkin Leonard (USA)"]
[Result "1-0"]
[WhiteElo "2300"]
[BlackElo "2067"]

1.d4 Nf6 2.c4 e6 3.Nc3 Bb4 4.e3 O-O 5.Ne2 d5 6.cxd5 exd5 7.g3 Re8 8.Bg2 c6
9.Qc2 Nbd7 10.O-O Nf8 11.Bd2 g6 12.f3 Ne6 13.Rad1 Bf8 14.Bc1 Bg7 15.Kh1 h5
16.e4 dxe4 17.fxe4 Ng4 18.h3 Nh6 19.d5 cxd5 20.Nxd5 Qa5 21.b4 Qb5 22.Nec3 Qc4
23.Bxh6 Bxh6 24.Nf6+ Kf8 25.Nxe8 Kxe8 26.Qf2 Nd8 27.Rxd8+ Kxd8 28.Qf6+ {#r}
1-0

[Event "It (open)"]
[Site "masterchessopen.com Nigran (Spain)"]
[Round "8"]
[White "Outerelo Ucha Manuel (ESP)"]
[Black "Martin Juan Manuel (ESP)"]
[Result "0-1"]
[WhiteElo "2197"]
[BlackElo "2255"]

1.d4 e6 2.c4 Nf6 3.Nc3 Bb4 4.e3 O-O 5.Ne2 b6 6.a3 Be7 7.d5 Ba6 8.Nf4 e5 9.Nh3
Bc8 10.Bd3 d6 11.Ng1 a5 12.Nge2 Nbd7 13.O-O Nc5 14.Bc2 Re8 15.Rb1 Ba6 16.b4
axb4 17.axb4 Ncd7 18.Nb5 Nf8 19.f4 g6 20.Ng3 exf4 21.exf4 N6d7 22.Ne4 Nf6
23.Nec3 N6d7 24.Qd3 Bf6 25.Nd4 Qc8 26.Nc6 Nb8 27.Ne4 Bg7 28.f5 Nxc6 29.dxc6
gxf5 30.Ng5 h6 31.Nxf7 Qe6 32.b5 Bc8 33.Qg3 Qxf7 {#R} 0-1

[Event "Ch Russia (juniors) (under 18) (qual)"]
[Site "masterchessopen.com St. Petersburg (Russia)"]
[Round "0"]
[White "Subbotin Alexander (UKR)"]
[Black "Lugovoi Aleksei (RUS)"]
[Result "0-1"]
[WhiteElo "1883"]
[BlackElo "2531"]

1.d4 Nf6 2.c4 e6 3.Nc3 Bb4 4.e3 O-O 5.Ne2 d5 6.a3 Be7 7.cxd5 exd5 8.g3 Bg4
9.Bg2 Qd7 10.h3 Bxe2 11.Qxe2 c6 12.O-O Na6 13.b4 Nc7 14.Rb1 b5 15.g4 a5 16.g5
Nfe8 17.e4 axb4 18.axb4 dxe4 19.Qxe4 Ra6 20.Re1 Bd6 21.Qh4 f5 22.Be3 f4 23.Bd2
f3 24.Bf1 Ra3 25.Bd3 g6 26.Bc2 Rxc3 27.Bxc3 Rf4 28.Qg3 Ng7 29.d5 Nh5 30.dxc6
Qxc6 31.Bb3+ Kf8 32.Rbc1 Qd7 33.Red1 Nxg3 34.Be5 Ne2+ 35.Kh2 Bxe5 {#R} 0-1

[Event "Cup Rilton"]
[Site "masterchessopen.com Stockholm (Sweden)"]
[Round "0"]
[White "Kharlov Andrei (RUS)"]
[Black "Sandstrom Ludvig (SWE)"]
[Result "1-0"]
[WhiteElo "2535"]
[BlackElo "2354"]

1.d4 Nf6 2.c4 e6 3.Nc3 Bb4 4.e3 O-O 5.Ne2 d5 6.a3 Be7 7.cxd5 exd5 8.Nf4 a5
9.Bd3 Re8 10.O-O Na6 11.Bc2 c6 12.f3 Nc7 13.e4 b5 14.e5 Nd7 15.Kh1 f6 16.Qd3
Nf8 17.Nh5 fxe5 18.dxe5 b4 19.Ne2 Ba6 20.Qd1 Bc5 21.f4 Qh4 22.Nhg3 bxa3
23.bxa3 Re6 24.Nf5 Qg4 25.Ned4 Rg6 26.Qxg4 Rxg4 27.Rf3 Nfe6 28.Be3 Rf8 29.Nxe6
Nxe6 30.Bxc5 Nxc5 31.h3 {#r} 1-0

[Event "It (open)"]
[Site "masterchessopen.com Val Thorens (France)"]
[Round "5"]
[White "Vareille Francois (FRA)"]
[Black "Gschnitzer Oswald (GER)"]
[Result "0-1"]
[WhiteElo "2315"]
[BlackElo "2456"]

1.d4 Nf6 2.c4 e6 3.Nc3 Bb4 4.e3 O-O 5.Ne2 d5 6.a3 Be7 7.cxd5 exd5 8.b4 c6
9.Ng3 Re8 10.Bd3 Nbd7 11.O-O Bd6 12.Bd2 Nf8 13.Re1 Ne6 14.f3 a5 15.Nce2 b6
16.Bc3 Ba6 17.e4 Bxd3 18.Qxd3 dxe4 19.fxe4 Ng5 20.bxa5 bxa5 21.Bb2 Ngxe4
22.Nxe4 Nxe4 23.Nc3 Nf6 24.Re2 Rxe2 25.Qxe2 Qc7 26.h3 Re8 27.Qd3 Nh5 28.Qf3
Qb6 29.Qxh5 Qxd4+ 30.Kh1 Qf4 31.Kg1 Qe3+ 32.Kf1 Bc5 33.Ne4 Rxe4 {#R} 0-1

[Event "Ch State New York"]
[Site "masterchessopen.com New York (USA)"]
[Date "1993.09.06"]
[Round "5"]
[White "Golder Louis (USA)"]
[Black "Nowe Charles"]
[Result "0-1"]
[WhiteElo "2142"]
[BlackElo "2302"]

1.d4 Nf6 2.c4 e6 3.Nc3 Bb4 4.e3 O-O 5.Ne2 Re8 6.a3 Bf8 7.Ng3 d6 8.Be2 Nbd7
9.e4 e5 10.d5 g6 11.Be3 a5 12.Rb1 h6 13.b4 axb4 14.axb4 Kh7 15.h4 h5 16.Qc1
Be7 17.Nf1 Nf8 18.f3 Kg8 19.Nh2 N6h7 20.g4 Bxh4+ 21.Kd1 hxg4 22.fxg4 Bg5
23.Nf1 Bd7 24.c5 Qf6 25.Bxg5 Qxg5 26.Qxg5 Nxg5 27.Ne3 Ra3 28.Rc1 Rxc3 {#R} 0-1

[Event "It (open)"]
[Site "masterchessopen.com Albacete (Spain)"]
[Round "0"]
[White "Alvarado Ascanio Francisco (ESP)"]
[Black "Mitkov Nikola (MKD)"]
[Result "0-1"]
[WhiteElo "2217"]
[BlackElo "2495"]

1.d4 Nf6 2.c4 e6 3.Nc3 Bb4 4.e3 O-O 5.Ne2 Re8 6.a3 Bf8 7.Ng3 d5 8.Be2 a6 9.O-O
c6 10.e4 dxc4 11.Bxc4 b5 12.Ba2 c5 13.e5 Nfd7 14.Bb1 Bb7 15.Qd3 g6 16.Nce4
cxd4 17.Nh5 Be7 18.f4 Nc6 19.Bd2 Rc8 20.Bb4 Nxb4 21.axb4 Rc4 22.Nhg3 Rxb4
23.b3 Qb6 24.Bc2 Rc8 25.Kh1 Nc5 26.Nxc5 Rxc5 {#R} 0-1

[Event "It (open)"]
[Site "masterchessopen.com Chania (Greece)"]
[Round "3"]
[White "Graf Alexander (GER)"]
[Black "Gogolis Alexandros (GRE)"]
[Result "1-0"]
[WhiteElo "2575"]
[BlackElo "2238"]

1.d4 Nf6 2.c4 e6 3.Nc3 Bb4 4.e3 O-O 5.Ne2 d5 6.a3 Be7 7.Ng3 b6 8.cxd5 exd5
9.Bd3 c5 10.O-O g6 11.dxc5 bxc5 12.e4 Nbd7 13.exd5 Nb6 14.Qe1 Bb7 15.Bh6 Re8
16.Bb5 Nfd7 17.Nge4 a6 18.Bxd7 Qxd7 19.d6 Bd8 20.Nxc5 {#r} 1-0

[Event "It (open)"]
[Site "masterchessopen.com Corsico (Italy)"]
[Round "0"]
[White "Rosin Federico (ITA)"]
[Black "Zanetti Alberto (ITA)"]
[Result "1-0"]
[WhiteElo "2125"]
[BlackElo "2167"]

1.d4 Nf6 2.c4 e6 3.Nc3 Bb4 4.e3 O-O 5.Ne2 d5 6.a3 Be7 7.Ng3 b6 8.cxd5 exd5
9.Bd3 Ba6 10.O-O c5 11.Nf5 Bxd3 12.Qxd3 c4 13.Qc2 Nc6 14.e4 dxe4 15.d5 Ne5
16.Nxe4 Nxe4 17.Qxe4 Bf6 18.Bd2 Re8 19.Bc3 Rc8 20.Rfe1 g6 21.Qf4 Nd3 22.Rxe8+
Qxe8 23.Nh6+ Kf8 24.Qxf6 {#r} 1-0

[Event "Oberliga Northeast 1993/94"]
[Site "masterchessopen.com Germany"]
[Round "0"]
[White "Tyrtania Maximilian (GER)"]
[Black "Feick Stefan (GER)"]
[Result "0-1"]
[WhiteElo "2249"]
[BlackElo "2210"]

1.d4 Nf6 2.c4 e6 3.Nc3 Bb4 4.e3 O-O 5.Ne2 d5 6.a3 Be7 7.cxd5 exd5 8.h3 c6 9.g4
Bd6 10.Bg2 Re8 11.O-O a5 12.Nf4 Na6 13.f3 h6 14.e4 c5 15.Ncxd5 cxd4 16.Nxf6+
Qxf6 17.Nd5 Qh4 18.Bd2 Be6 19.Be1 Qd8 20.Bf2 Bxd5 21.exd5 Nc5 22.Bxd4 a4
23.Bc3 Nb3 24.Rb1 Bf4 25.Qd3 Qg5 26.Rbe1 Qh4 27.Re4 Qg3 28.Rfe1 Red8 29.R1e2
Rac8 30.Kf1 Bd6 31.Rxa4 Nc1 32.Qe3 Nxe2 33.Qxe2 Re8 34.Re4 Rxe4 35.fxe4 Be5
36.Bxe5 Rc1+ {#R} 0-1

[Event "Ch Hungary (team) 1993/94"]
[Site "masterchessopen.com Hungary"]
[Round "0"]
[White "Vincze Istvan (HUN)"]
[Black "Eperjesi Laszlo Dr (HUN)"]
[Result "1-0"]
[WhiteElo "2249"]
[BlackElo "2370"]

1.d4 Nf6 2.c4 e6 3.Nc3 Bb4 4.e3 O-O 5.Ne2 d5 6.cxd5 exd5 7.g3 a5 8.Bg2 c6
9.O-O Na6 10.f3 c5 11.a3 cxd4 12.axb4 dxc3 13.Rxa5 c2 14.Qd2 b6 15.Ra3 Bd7
16.Nd4 Qe7 17.Nxc2 Rfc8 18.Rd1 h5 19.Bf1 Nc7 20.Nd4 Nce8 21.Rxa8 Rxa8 22.b3
Nd6 23.Bb2 Nh7 24.Ra1 Re8 25.Ra7 Ng5 26.h4 Nh7 27.Bh3 Nf8 28.Nc6 Qxe3+ 29.Qxe3
Rxe3 30.Bxd7 Rxb3 31.Bd4 Kh7 32.Bxb6 {#r} 1-0

[Event "It (open)"]
[Site "masterchessopen.com Ikaria (Greece)"]
[Round "7"]
[White "Graf Alexander (GER)"]
[Black "Pandavos Panayotis (GRE)"]
[Result "1-0"]
[WhiteElo "2575"]
[BlackElo "2400"]

1.d4 Nf6 2.c4 e6 3.Nc3 Bb4 4.e3 O-O 5.Ne2 d5 6.a3 Be7 7.Ng3 b6 8.cxd5 exd5
9.Bd3 Re8 10.O-O c5 11.Nh5 g6 12.Nxf6+ Bxf6 13.Qf3 Bb7 14.Bb5 Re6 15.Rd1 Rd6
16.b4 cxb4 17.axb4 a6 18.Ba4 Qc8 19.Bb2 b5 20.Bb3 Qe6 21.Ne2 Nd7 22.Nf4 Qf5
23.Qg3 Be7 24.Nd3 Nf6 25.Qe5 Qd7 26.Nc5 Qc7 27.Rdc1 Rc6 28.Nxb7 {#r} 1-0

[Event "It (open)"]
[Site "masterchessopen.com Ikaria (Greece)"]
[Round "8"]
[White "Mamedova Rena (GER)"]
[Black "Metaxas Petros (GRE)"]
[Result "0-1"]
[WhiteElo "2353"]
[BlackElo "2181"]

1.d4 Nf6 2.c4 e6 3.Nc3 Bb4 4.e3 O-O 5.Ne2 d5 6.a3 Be7 7.cxd5 exd5 8.Ng3 Re8
9.b4 c6 10.Bd3 Nbd7 11.O-O a5 12.b5 c5 13.dxc5 Nxc5 14.Bb1 Be6 15.Bb2 Qb6
16.a4 Rad8 17.Nce2 Nce4 18.Nd4 Bb4 19.Nge2 Nd2 20.Nf4 Bc8 21.Nc2 Nxf1 22.Nxb4
Nxe3 23.Qd3 Bf5 24.Bd4 Qd6 25.Bxe3 Bxd3 26.Nbxd3 Ng4 27.Bd2 g5 28.h3 Nf6 {#R}
0-1

[Event "It (open)"]
[Site "masterchessopen.com Isle of Man (Great Britain)"]
[Round "3"]
[White "Merriman John (ENG)"]
[Black "Lalic Bogdan (ENG)"]
[Result "0-1"]
[WhiteElo "2265"]
[BlackElo "2530"]

1.d4 Nf6 2.c4 e6 3.Nc3 Bb4 4.e3 O-O 5.Ne2 d5 6.a3 Be7 7.Ng3 c5 8.dxc5 Bxc5
9.cxd5 exd5 10.Bd3 a6 11.O-O Nc6 12.b4 Ba7 13.Bb2 Bg4 14.Be2 Be6 15.Rc1 d4
16.exd4 Qxd4 17.Na4 Qf4 18.Nc5 Rad8 19.Nxe6 fxe6 20.Qb3 Kh8 21.Bxa6 Rd2
22.Bxb7 e5 23.b5 Na5 24.Bxe5 Qxf2+ 25.Rxf2 Bxf2+ 26.Kf1 Nxb3 27.Rc7 Bxg3 {#R}
0-1

[Event "Olympiad (w)"]
[Site "masterchessopen.com Moscow (Russia)"]
[Round "2"]
[White "Mamedova Rena (GER)"]
[Black "Tsiganova Monika (EST)"]
[Result "0-1"]
[WhiteElo "2353"]
[BlackElo "2285"]

1.d4 Nf6 2.c4 e6 3.Nc3 Bb4 4.e3 O-O 5.Ne2 d5 6.a3 Be7 7.cxd5 exd5 8.b4 Bf5
9.Ng3 Bg6 10.Bd3 Bxd3 11.Qxd3 Re8 12.O-O c6 13.Bb2 Nbd7 14.b5 Nb6 15.Rfb1 Rc8
16.a4 Nc4 17.Nce2 Bd6 18.Bc3 Ng4 19.Qf5 Qh4 20.h3 Ngxe3 21.Qf3 cxb5 22.fxe3
Rxe3 {#R} 0-1

[Event "Ch France (open)"]
[Site "masterchessopen.com Paris (France)"]
[Round "2"]
[White "Vareille Francois (FRA)"]
[Black "Grimberg Gilbert (FRA)"]
[Result "1-0"]
[WhiteElo "2430"]
[BlackElo "2302"]

1.d4 Nf6 2.c4 e6 3.Nc3 Bb4 4.e3 O-O 5.Ne2 d5 6.a3 Be7 7.cxd5 Nxd5 8.Qc2 Nc6
9.g3 e5 10.Bg2 Nxc3 11.bxc3 Be6 12.Rb1 Bd5 13.f3 Na5 14.O-O Bc4 15.Rd1 Qd6
16.g4 exd4 17.cxd4 c5 18.d5 f5 19.gxf5 Bxe2 20.Qxe2 Rxf5 21.e4 Rh5 22.f4 Qh6
23.d6 Bd8 24.e5 Nc6 25.Rxb7 Nd4 26.Rxd4 cxd4 27.Qc4+ Kh8 28.Qf7 Bh4 29.Re7
{#r} 1-0

[Event "It (open)"]
[Site "masterchessopen.com Sevilla (Spain)"]
[Round "8"]
[White "Gomez Esteban Juan Mario (ESP)"]
[Black "Pogorelov Ruslan (UKR)"]
[Result "0-1"]
[WhiteElo "2465"]
[BlackElo "2415"]

1.d4 Nf6 2.c4 e6 3.Nc3 Bb4 4.e3 O-O 5.Ne2 d5 6.a3 Bd6 7.c5 Be7 8.b4 b6 9.Nf4
c6 10.Be2 Nbd7 11.Nd3 a5 12.Bb2 Ba6 13.O-O Qc7 14.f3 bxc5 15.bxc5 Rfb8 16.Rb1
Bc4 17.e4 Qa7 18.e5 Ne8 19.f4 g6 20.g4 Ng7 21.Kh1 Rb3 22.Nc1 Bxe2 23.Qxe2 Rb7
24.f5 exf5 25.gxf5 Nxf5 26.Nxd5 cxd5 27.c6 Rb6 28.cxd7 Qxd7 29.Nd3 Rab8
30.Rbc1 Rb3 31.Bc3 Rxa3 32.Rc2 Rb1 33.Ne1 Bb4 34.Bxb4 Rxb4 {#R} 0-1

[Event "Ch British Columbia"]
[Site "masterchessopen.com Vancouver (Canada)"]
[Round "2"]
[White "Moore Harry (CAN)"]
[Black "Cabanas Francisco (CAN)"]
[Result "1-0"]
[WhiteElo "2283"]
[BlackElo "2088"]

1.d4 Nf6 2.c4 e6 3.Nc3 Bb4 4.e3 O-O 5.Ne2 d5 6.a3 Be7 7.cxd5 exd5 8.g3 c6
9.Bg2 Bf5 10.O-O Nbd7 11.b4 Ne4 12.Nxe4 Bxe4 13.Bxe4 dxe4 14.Qc2 f5 15.Nf4 Rf6
16.Bb2 Rh6 17.b5 Qe8 18.bxc6 Rxc6 19.Qb3+ Kh8 20.Rab1 Rb6 21.Qd5 g6 22.Rfc1
Rc8 23.Rxc8 Qxc8 24.Rc1 Qe8 25.Rc7 Rxb2 26.Rxd7 Bf6 27.Qd6 Rb6 28.Qc7 Qg8
29.Nd5 {#r} 1-0

[Event "It (open) (b)"]
[Site "masterchessopen.com Zurich (Switzerland)"]
[Round "7"]
[White "Mann Gerald (HUN)"]
[Black "Moeschinger Markus (SUI)"]
[Result "1-0"]
[WhiteElo "2315"]
[BlackElo "2162"]

1.d4 Nf6 2.c4 e6 3.Nc3 Bb4 4.e3 O-O 5.Ne2 d5 6.a3 Be7 7.cxd5 exd5 8.g3 c6
9.Bg2 Bg4 10.h3 Bf5 11.g4 Bc8 12.Ng3 Ne8 13.O-O Nd6 14.e4 Nxe4 15.Ncxe4 dxe4
16.Bxe4 Bf6 17.Be3 g6 18.Bg2 Be6 19.Ne4 Bg7 20.Nc5 Bc4 21.Re1 b6 22.Ne4 Nd7
23.Bg5 Nf6 24.Qf3 Qxd4 25.Bxf6 {#r} 1-0

[Event "Ch Australia (juniors) (under 18)"]
[Site "masterchessopen.com Gold Coast (Australia)"]
[Date "1994.01.17"]
[Round "5"]
[White "Curtis Ry (AUS)"]
[Black "Leskiewicz Maksymilian (AUS)"]
[Result "1-0"]
[WhiteElo "2205"]
[BlackElo "2324"]

1.d4 Nf6 2.c4 e6 3.Nc3 Bb4 4.e3 O-O 5.Ne2 d5 6.a3 Bd6 7.Ng3 c6 8.Be2 Qe7 9.O-O
Rd8 10.cxd5 exd5 11.Qc2 g6 12.b4 Ng4 13.e4 Qh4 14.Bxg4 Bxg4 15.e5 Bf8 16.Be3
Bg7 17.Rae1 Nd7 18.Qd2 h6 19.f3 Be6 20.f4 Nb6 21.Qd3 Nc4 22.Bc1 b6 23.f5 Bxf5
24.Nxf5 gxf5 25.Kh1 c5 26.Qxf5 cxd4 27.Nxd5 Rf8 28.Re4 Qd8 29.Nf6+ Bxf6
30.exf6 Qc8 31.Rg4+ Kh8 32.Qh5 {#r} 1-0

[Event "It (open)"]
[Site "masterchessopen.com Antwerpen (Belgium)"]
[Round "1"]
[White "Gurevich Mikhail (TUR)"]
[Black "Schabanel Stephane (FRA)"]
[Result "1-0"]
[WhiteElo "2585"]
[BlackElo "2217"]

1.d4 Nf6 2.c4 e6 3.Nc3 Bb4 4.e3 O-O 5.Ne2 d5 6.a3 Be7 7.cxd5 exd5 8.g3 c6
9.Bg2 a5 10.O-O Na6 11.Qc2 Nc7 12.Bd2 Bd7 13.Rad1 Qc8 14.f3 Bh3 15.e4 Bxg2
16.Kxg2 dxe4 17.fxe4 Ne6 18.Bc1 b5 19.Nf4 Rd8 20.e5 Nd5 21.Nfxd5 cxd5 22.Qf5
Qd7 23.Qxf7+ Kh8 24.Be3 b4 25.axb4 axb4 26.Ne2 Ra2 27.Rd2 g6 28.Bh6 Rg8 29.Nf4
Nc7 30.e6 Qd6 31.Nxg6+ Rxg6 32.Bf4 Qxe6 {#r} 1-0

[Event "Oberliga Baden 1995/96"]
[Site "masterchessopen.com Baden-Wuerttemberg (Germany)"]
[Round "0"]
[White "Trachtmann Mark (GER)"]
[Black "Wutzke Roland (GER)"]
[Result "0-1"]
[WhiteElo "2314"]
[BlackElo "2176"]

1.d4 Nf6 2.c4 e6 3.Nc3 Bb4 4.e3 O-O 5.Ne2 b6 6.a3 Bxc3+ 7.Nxc3 Bb7 8.f3 d5
9.cxd5 exd5 10.b4 c5 11.bxc5 bxc5 12.dxc5 Qe7 13.Rb1 Rd8 14.Kf2 Nc6 15.Nb5
Qxc5 16.Bb2 Qe7 17.Nd4 Rab8 18.Be2 Ne5 19.Qa4 Re8 20.Bc1 Neg4+ 21.fxg4 Ne4+
22.Ke1 Nc3 23.Qb4 Nxb1 24.Qxb1 Ba6 25.Qa2 Rec8 26.Bd2 Bc4 27.Qa1 Qe4 28.Kf2
Bxe2 29.Kxe2 Qxg2+ 30.Kd3 Qe4+ 31.Ke2 Qxg4+ 32.Kd3 Rb3+ 33.Bc3 Rcxc3+ {#R} 0-1

[Event "It (cat.8)"]
[Site "masterchessopen.com Budapest (Hungary)"]
[Round "0"]
[White "Gyimesi Zoltan (HUN)"]
[Black "Engqvist Thomas (SWE)"]
[Result "1-0"]
[WhiteElo "2525"]
[BlackElo "2405"]

1.d4 Nf6 2.c4 e6 3.Nc3 Bb4 4.e3 O-O 5.Ne2 d5 6.a3 Be7 7.cxd5 exd5 8.g3 c6
9.Bg2 a5 10.O-O Na6 11.f3 c5 12.g4 h6 13.Bd2 Re8 14.Be1 b6 15.Qd2 Nc7 16.Bg3
Bd6 17.Rad1 Bb7 18.Rfe1 Bc6 19.Bxd6 Qxd6 20.Ng3 Bd7 21.Rc1 cxd4 22.Qxd4 Ne6
23.Qd2 Nc5 24.Rcd1 Nb3 25.Qd3 Nc5 26.Qd4 Be6 27.e4 Nb3 28.Qf2 Qc6 29.e5 Nd7
30.f4 {#r} 1-0

[Event "It (open)"]
[Site "masterchessopen.com Cannes (France)"]
[Round "0"]
[White "Kjeldsen Jens (DEN)"]
[Black "Ikonnikov Vyacheslav (RUS)"]
[Result "0-1"]
[WhiteElo "2425"]
[BlackElo "2540"]

1.d4 Nf6 2.c4 e6 3.Nc3 Bb4 4.e3 O-O 5.Ne2 d5 6.a3 Be7 7.cxd5 exd5 8.g3 Re8
9.Bg2 Bf8 10.O-O c6 11.b4 Nbd7 12.Qd3 Nb6 13.Rb1 Be6 14.Nf4 Qd7 15.f3 Red8
16.Nxe6 Qxe6 17.Ne2 Nc4 18.Nf4 Qe7 19.e4 a5 20.Qb3 axb4 21.axb4 b5 22.e5 Ne8
23.Nd3 Nc7 24.Nc5 Ne6 25.Qd3 Ra2 26.f4 Nxc5 27.bxc5 Rda8 28.f5 f6 29.e6 Qa7
30.Re1 Be7 31.Qf3 Qa4 32.Kh1 Qc2 33.Bf4 Qxf5 34.g4 Qg6 35.Rbd1 {#R} 0-1

[Event "It (open)"]
[Site "masterchessopen.com Cappelle la Grande (France)"]
[Round "8"]
[White "De Lagontrie Jean (FRA)"]
[Black "Guidez Thomas (FRA)"]
[Result "1-0"]
[WhiteElo "1891"]
[BlackElo "1954"]

1.d4 Nf6 2.c4 e6 3.Nc3 Bb4 4.e3 O-O 5.Ne2 d5 6.a3 Bxc3+ 7.Nxc3 b6 8.cxd5 exd5
9.Be2 Bb7 10.O-O Nbd7 11.b4 c6 12.Qb3 Qe7 13.Bf3 a5 14.b5 cxb5 15.Nxd5 Nxd5
16.Bxd5 Nf6 17.Bxb7 Qxb7 18.Bb2 Qd5 19.Qxd5 Nxd5 20.e4 Nf6 21.f3 Rac8 22.Rac1
Nd7 23.Kf2 f6 24.Ke2 Rc4 25.Rxc4 bxc4 26.a4 Rb8 27.Bc3 Kf7 28.Rb1 Ke6 29.Rb5
g6 30.Kd2 Kd6 31.Kc2 Kc7 32.Bd2 Kd6 33.Bf4+ {#r} 1-0

[Event "It (open)"]
[Site "masterchessopen.com Dortmund (Germany)"]
[Round "6"]
[White "Poschke Markus (GER)"]
[Black "Petrosian Arshak B (ARM)"]
[Result "0-1"]
[WhiteElo "2158"]
[BlackElo "2435"]

1.d4 Nf6 2.c4 e6 3.Nc3 Bb4 4.e3 O-O 5.Ne2 d5 6.a3 Be7 7.cxd5 exd5 8.g3 Re8
9.Bg2 a5 10.Nf4 c6 11.O-O Na6 12.h3 Nc7 13.b3 Ne6 14.Nd3 Ng5 15.Kh2 Bd6 16.Nf4
g6 17.Nce2 h5 18.Kh1 Bf5 19.f3 Kg7 20.Re1 Qc8 21.Kh2 Qc7 22.Ra2 Re7 23.Rf1
Rae8 24.Kh1 Rxe3 25.h4 Ngh7 26.Bxe3 Rxe3 27.Kg1 Qb6 28.Qd2 Rxb3 29.Rfa1 Nf8
30.Kf2 Bb1 {#R} 0-1

[Event "Bayern Landesliga South 1994/95"]
[Site "masterchessopen.com Germany"]
[Round "0"]
[White "Katzer Joachim"]
[Black "Magg Christian (GER)"]
[Result "1-0"]
[WhiteElo "2020"]
[BlackElo "2290"]

1.d4 Nf6 2.c4 e6 3.Nc3 Bb4 4.e3 O-O 5.Ne2 d5 6.a3 Be7 7.cxd5 exd5 8.Ng3 c5
9.dxc5 Bxc5 10.b4 Bd6 11.Nb5 Be5 12.Nd4 Nc6 13.Bb2 Qb6 14.Bd3 Bg4 15.Be2 Bxd4
16.Bxd4 Nxd4 17.Qxd4 Qxd4 18.exd4 Rac8 19.f3 Bh5 20.Kd2 Rfd8 21.Rac1 Bg6
22.Bd3 Bxd3 23.Kxd3 g6 24.h4 h5 25.Ne2 Kf8 26.Rhe1 Ke7 27.Nc3+ Kd7 28.Re5 a6
29.Rce1 Kd6 30.Na4 Re8 31.Nb6 {#r} 1-0

[Event "Ch Hungary (team)"]
[Site "masterchessopen.com Hungary"]
[Round "9"]
[White "Viskic Pavisa (CRO)"]
[Black "Orso Miklos (HUN)"]
[Result "0-1"]
[WhiteElo "2209"]
[BlackElo "2400"]

1.d4 Nf6 2.c4 e6 3.Nc3 Bb4 4.e3 O-O 5.Ne2 d5 6.cxd5 exd5 7.g3 c6 8.Bg2 Re8
9.O-O a5 10.f3 Bf5 11.g4 Bg6 12.g5 Nfd7 13.e4 Be7 14.h4 f6 15.exd5 fxg5
16.hxg5 Bxg5 17.f4 Bf6 18.Qb3 c5 19.Qxb7 cxd4 20.Nb5 Rxe2 21.Qxa8 d3 22.Qb7
Nc5 23.Qa7 Nba6 24.d6 d2 25.Bxd2 Rxd2 26.Rac1 Bd3 27.Rxc5 Nxc5 28.Qxc5 Bxb5
{#R} 0-1

[Event "n) (b"]
[Site "masterchessopen.com Lansing (USA)"]
[Round "4"]
[White "Graf Alexander (GER)"]
[Black "Nikolaidis Konstantinos (GRE)"]
[Result "1-0"]
[WhiteElo "2585"]
[BlackElo "2315"]

1.d4 Nf6 2.c4 e6 3.Nc3 Bb4 4.e3 O-O 5.Ne2 d5 6.a3 Be7 7.cxd5 Nxd5 8.Bd2 c5
9.dxc5 Bxc5 10.Ng3 b6 11.Nxd5 Qxd5 12.Bc3 Qxd1+ 13.Rxd1 Bb7 14.Nh5 f6 15.Bc4
Re8 16.h4 Kf7 17.Rh3 a6 18.Rg3 Bf8 19.Bd3 Nc6 20.Bxh7 Red8 21.Bg6+ Ke7 22.Bc2
Rxd1+ 23.Bxd1 Ne5 24.Bb4+ Kf7 25.Bxf8 Kxf8 26.Rxg7 Be4 27.Rc7 Rd8 28.Nf4 Bf5
29.Be2 a5 30.g4 {#r} 1-0

[Event "Ch Asia (team)"]
[Site "masterchessopen.com Singapore"]
[Round "4"]
[White "Graf Alexander (GER)"]
[Black "Antonio Rogelio Jr (PHI)"]
[Result "0-1"]
[WhiteElo "2585"]
[BlackElo "2525"]

1.d4 Nf6 2.c4 e6 3.Nc3 Bb4 4.e3 O-O 5.Ne2 d5 6.a3 Be7 7.cxd5 exd5 8.b4 c6
9.Ng3 Bd6 10.Bd3 Re8 11.O-O Nbd7 12.Qc2 Nf8 13.b5 Bd7 14.a4 Rc8 15.Ba3 Bb8
16.Rfc1 Ng4 17.Nf1 Qg5 18.Qd2 Ng6 19.a5 Nh4 20.f4 Qh6 21.a6 Nxe3 22.axb7 Rcd8
23.Nxe3 Bxf4 24.Ncd1 Rxe3 25.Qa5 Nf3+ 26.Kf2 Qh4+ {#R} 0-1

[Event "Ch Australia"]
[Site "masterchessopen.com Sydney (Australia)"]
[Round "1"]
[White "Belin Igor (AUS)"]
[Black "Norris Damian C (FIJ)"]
[Result "1-0"]
[WhiteElo "2310"]
[BlackElo "2071"]

1.d4 e6 2.c4 Nf6 3.Nc3 Bb4 4.e3 O-O 5.Ne2 b6 6.a3 Bxc3+ 7.Nxc3 Bb7 8.f3 Nh5
9.Qc2 d6 10.Bd3 Qh4+ 11.Qf2 Qxf2+ 12.Kxf2 Nc6 13.b4 e5 14.Nb5 exd4 15.exd4
Rad8 16.Bg5 f6 17.Be3 f5 18.d5 Ne5 19.Be2 c6 20.dxc6 Nxc6 21.Rhd1 f4 22.Bc1
Rf6 23.Bb2 Rg6 24.c5 bxc5 25.Bc4+ Kf8 26.Nc7 Rd7 27.Ne6+ Ke7 28.Re1 Ne5
29.Nxc5 dxc5 30.Rxe5+ Kd8 31.Bc3 Nf6 32.bxc5 Nd5 33.Ba5+ Nc7 34.Rae1 Rd4
35.Re8+ {#r} 1-0